000 00512nam a2200181Ia 4500
003 SGT
020 _a9788189401269
082 _a627
_bMOD
100 _aModi, P. N
245 _aHydraulics and fluid mechanics
250 _a19TH . Ed.
260 _bStandard Publishers Distributers
_aNew Delhi
_c2013
300 _a1405p.
650 _aENGINEERING AND ALLIED POERATIONS
653 _aCIVIL ENGINEERING ,FLUID PRESSURE AND ITS MEASUREMENT BUOYANCY AND FLOATATION
700 _aSeth,S.M
942 _2ddc
_cBK
_096
999 _c5418
_d5418